000 00341nam a22001457a 4500
999 _c58001
_d58001
005 20210420133338.0
008 210420c2021 enk||||| |||| 00| 0 eng d
041 _aeng
245 _aThe Economist /
_b2021.
260 _aLondon,
_c2021.
300 _av.
653 _aპეროდიკა
653 _aThe Economist
942 _2udc
_cCR